Ruff Ryder's Anthem Chorus - DMX - Statistics

General Stats
  • This quiz has been taken 34 times
  • The average score is 26 of 30
Answer Stats
Lyrics % Correct
Ryder's
100%
Ryder's
100%
Ruff
96%
Ruff
96%
Stop,
92%
Stop,
92%
Drop
88%
Drop,
88%
Em
88%
Em
88%
Open
88%
Open
88%
Shop
88%
Shop
88%
Up
88%
Up
88%
Down
83%
Down
83%
No
83%
No,
83%
Oh,
83%
Oh,
83%
Roll
83%
Roll
83%
Shut
83%
Shut
83%
That's
83%
That's
83%
How
79%
How
79%
No matching quizzes found
Score Distribution
Percent of People with Each Score
Percentile by Number Answered
Your Score History
You have not taken this quiz